000 00319nam a2200121 a 4500
001 000045905
005 20201002052520.0
008 150526s1989 000 spa d
040 _aDO-SdBNP
_bspa
_cBNPHU
245 0 _aLista de precios.
260 _aSanto Domingo :
_bUniversitaria,
_c1989.
300 _a10 p. : ;
_c21 cm.
999 _c45394
_d45394